Wykonawcy muzyczni na literę K - Statystyki

Ogólne statystyki
  • Ten quiz został rozwiązany 28 razy
  • Średni wynik to 6 z 18
Statystyki odpowiedzi
Lata aktywności Państwo Piosenki Zespół lub artysta % Poprawnych
2008– I Kissed a Girl | Dark Horse Katy Perry
85%
2004– Gold Digger | FourFiveSeconds Kanye West
73%
2010– Tik Tok | We R Who We R Kesha
69%
2003– Sex on Fire | Use Somebody Kings of Leon
62%
1987– Can't Get You Out of My Head | The Loco-Motion Kylie Minogue
50%
2003– Since U Been Gone | Stronger (What Doesn't Kill You) Kelly Clarkson
42%
2011– Humble | m.A.A.d. City Kendrick Lamar
42%
2003– Mr. Brightside | Human The Killers
42%
1974–2023 Rock and Roll All Nite | Detroit Rock City KISS
31%
2004– I Predict a Riot | Ruby Kaiser Chiefs
23%
1974– Dust in the Wind | Carry On Wayward Son Kansas
23%
2004– Somewhere Only We Know | Everybody's Changing Keane
19%
1981– Kids in America | You Keep Me Hangin' On Kim Wilde
19%
1977– Danger Zone | Footloose Kenny Loggins
15%
1969– Celebration | Jungle Boogie Kool & the Gang
15%
1964–1997 Lola | Waterloo Sunset The Kinks
12%
1975–2020 The Gambler | Islands in the Stream Kenny Rogers
8%
2016– Young Dumb & Broke | Eastside Khalid
8%
Nie znaleziono quizów pasujących do podanych kryteriów
Rozkład punktacji
Procent ludzi z każdym wynikiem
Percentyl według liczby udzielonych odpowiedzi
Twoja historia wyników
Nie rozwiązałeś tego quizu